• 首页
  • 本馆介绍
  • 公告通知
  • 最新文献
  • 馆藏检索
  • 电子资源
  • 读者导购
  • 参考咨询
  • 我的图书馆
  • 登录
  • 详细信息显示
  • 放入我的书架
  • 预约/预借图书
  • 作者相关作品
  • 分类相关作品
  • 丛书相关作品
  • 出版社相关作品

书目信息

  • 表格格式
  • 工作单格式
  • 卡片格式
题名:
中华校训大观
    
 
作者: 梁云福, , 向绍兰, 著
分册:  
出版信息: 北京   世界知识出版社  2014
页数: 296页
开本: 24cm
丛书名:
单 册:
中图分类: G40-055
科图分类:
主题词: 校园文化--xiao yuan wen hua--研究--中国
电子资源:
ISBN: 978-7-5012-4706-6
000 01038nam0 2200253 450
001 012001002570
005 20131029155158.0
010    @a978-7-5012-4706-6@dCNY58.00
099    @aCAL 012014127404
100    @a20141020d2014 em y0chiy50 ea
101 0  @achi
102    @aCN@b110000
105    @aa z 000yy
106    @ar
200 1  @a中华校训大观@Azhong hua xiao xun da guan@f梁云福, 向绍兰著
210    @a北京@c世界知识出版社@d2014
215    @a296页@c图@d24cm
330    @a本书是全面解读中国校训的文化教育类图书。全书内容包括校训新识、校训溯源、校训探微、校训撷英、校训荟萃、校训建言等部分, 介绍了中国校训的起源, 阐释了校训的主要内容和热点, 分析了校训对中国教育的影响, 同时辑录了一些比较经典的校训, 为中国校训文化的发展, 以及对中国学校教育的深远意义提供了有益的思考和启示。
606 0  @a校园文化@Axiao yuan wen hua@x研究@y中国
690    @aG40-055@v5
701  0 @a梁云福,@Aliang yun fu@f1945-@4著
701  0 @a向绍兰,@Axiang shao lan@f1952-@4著
801  2 @aCN@b江苏凤凰@c20191020
905    @b1229556-9@dG40-055@e1032@f4
    
    中华校训大观/梁云福, 向绍兰著.-北京:世界知识出版社,2014
    296页:图;24cm
    
    
    ISBN 978-7-5012-4706-6:CNY58.00
    本书是全面解读中国校训的文化教育类图书。全书内容包括校训新识、校训溯源、校训探微、校训撷英、校训荟萃、校训建言等部分, 介绍了中国校训的起源, 阐释了校训的主要内容和热点, 分析了校训对中国教育的影响, 同时辑录了一些比较经典的校训, 为中国校训文化的发展, 以及对中国学校教育的深远意义提供了有益的思考和启示。
●
相关链接 在E读中查询图书 在五车中查询图书 在当当中查询图书 在豆瓣中查询图书


正题名:中华校训大观     索取号:G40-055/1032         预约/预借

序号 登录号 条形码 馆藏地/架位号 状态 备注
1 1229556   212295568   第一样本阅览室/ [索取号:G40-055/1032] 在馆    
2 1229557   212295577   第四借阅区/ [索取号:G40-055/1032] 在馆    
3 1229558   212295586   第四借阅区/ [索取号:G40-055/1032] 在馆    
4 1229559   212295595   第四借阅区/ [索取号:G40-055/1032] 在馆    
唐山师范学院图书馆 欢迎您!
大连网信软件有限公司© 版权所有